000 00729nam0a22002291 4500
001 rc\583139
005 20250621173157.0
035 _a(NLR Aleph) 005830449
090 _a5574495
_c5574495
100 _a20031121d1987 |||y0rusy50 ca
101 0 _arus
102 _aRU
105 _aa |||||||||
200 1 _aНичего особенного
_e[Для дошк. возраста]
_fСергей Образцов
_g[Худож. Н. Чарушин]
210 _aМ.
_cМалыш
_d1987
215 _a[8] с.
_cцв. ил.
_d28
700 1 _aОбразцов
_bС.В.
_f1901-1992
_gСергей Владимирович
801 0 _aRU
_bNLR
_gpsbo
801 1 _aRU
_bELAR
_2rusmarc
852 _aNLR
_j87-8/484
942 _cBOOK
980 _aNB